000 00503nam a22001097a 4500
082 _a004
100 _aप्रधान सम्‍पा संतोष चौबे
_983798
245 _aविश्‍व में हिन्‍दी सत्तर देशाे में हिन्‍दी का परिदृश्‍य
260 _a भोपाल
_bआईसेक्‍ट पब्लिकेशन
_c2025
650 _aभाषा विज्ञान
_950429
942 _cHIN
999 _c68766
_d68766